[Event "Mecklenburg VP Verbandsliga 2223"]
[Site "Mecklenburg VP"]
[Date "2022.11.06"]
[Round "2.7"]
[White "Dettmann, Holger"]
[Black "Glawe, Hartmut"]
[Result "1-0"]
[WhiteElo "2003"]
[BlackElo "2017"]
[PlyCount "81"]
[EventDate "2022.10.23"]
[EventType "team-tourn"]
[EventRounds "9"]
[EventCountry "GER"]
[SourceTitle "EXT 2024"]
[Source "ChessBase"]
[SourceDate "2023.10.10"]
[SourceVersion "1"]
[SourceVersionDate "2023.10.10"]
[SourceQuality "1"]
[WhiteTeam "Guestrow/Teterow"]
[BlackTeam "Stralsund HSG"]
[WhiteTeamCountry "GER"]
[BlackTeamCountry "GER"]

1. d4 Nf6 2. Nc3 e6 3. e4 Bb4 4. Bd3 c5 5. dxc5 Bxc3+ 6. bxc3 Qa5 7. Ne2 Qxc5 8. a4 Nc6 9. 0-0 Qh5 10. Ba3 Ne5 11. Bd6 Ng6 12. a5 Ng4 13. h3 N4e5 14. f4 Nc6 15. Qc1 Nge7 16. Qa3 f6 17. Nd4 a6 18. Bc4 f5 19. Rae1 fxe4 20. Rxe4 Nf5 21. Be2 Qg6 22. Bd3 Ncxd4 23. cxd4 Nxd6 24. Qxd6 Qf6 25. f5 Qe7 26. Qb6 0-0 27. d5 Qg5 28. dxe6 dxe6 29. Bc4 Kh8 30. Qd6 Rd8 31. Qe5 h6 32. fxe6 Qxe5 33. Rxe5 Re8 34. e7 Bd7 35. Bf7 Rec8 36. c4 Be8 37. Bd5 Rab8 38. Rf8+ Kh7 39. Re6 Bg6 40. Rxg6 Kxg6 41. Bf7+ 1-0

[Event "Mecklenburg VP Verbandsliga 1920"]
[Site "Mecklenburg VP"]
[Date "2020.03.01"]
[Round "7.6"]
[White "Dettmann, Holger"]
[Black "Glawe, Hartmut"]
[Result "1-0"]
[WhiteElo "2012"]
[BlackElo "2017"]
[PlyCount "83"]
[EventDate "2019.09.29"]
[EventType "team-tourn"]
[EventRounds "9"]
[EventCountry "GER"]
[SourceTitle "EXT 2023"]
[Source "ChessBase"]
[SourceDate "2022.10.05"]
[SourceVersion "1"]
[SourceVersionDate "2022.10.05"]
[SourceQuality "1"]
[WhiteTeam "Guestrow/Teterow"]
[BlackTeam "Stralsund HSG"]
[WhiteTeamCountry "GER"]
[BlackTeamCountry "GER"]

1. d4 Nf6 2. e3 b6 3. Bd3 Bb7 4. f3 Nc6 5. c3 e5 6. Ne2 d5 7. 0-0 Bd6 8. f4 e4 9. Bb5 0-0 10. Ng3 Ne7 11. b3 a6 12. Be2 c5 13. Bb2 cxd4 14. cxd4 b5 15. Nc3 Rc8 16. a3 Nd7 17. Rc1 f5 18. Qd2 Nb6 19. Rc2 Ng6 20. Rfc1 Qe7 21. Nb1 Qh4 22. Rxc8 Nxc8 23. Qe1 Nge7 24. Nf1 Qh6 25. Nbd2 g5 26. g3 Kf7 27. fxg5 Qxg5 28. b4 h5 29. Kh1 Rh8 30. Qf2 Ke6 31. Nb3 Ng6 32. Nc5+ Bxc5 33. dxc5 Rh7 34. h4 Qd8 35. Nd2 d4 36. Rf1 Nce7 37. Nb3 dxe3 38. Qxe3 Nd5 39. Nd4+ Kd7 40. Qf2 Nde7 41. c6+ Nxc6 42. Qxf5+ 1-0

[Event "Mecklenburg VP VL1819"]
[Site "Mecklenburg VP"]
[Date "2019.03.24"]
[Round "8.3"]
[White "Meuer, Martin"]
[Black "Glawe, Hartmut"]
[Result "1-0"]
[WhiteElo "2116"]
[BlackElo "1942"]
[PlyCount "57"]
[EventDate "2018.10.21"]
[EventType "team-tourn"]
[EventRounds "9"]
[EventCountry "GER"]
[SourceTitle "EXT 2022"]
[Source "ChessBase"]
[SourceDate "2021.10.06"]
[SourceVersion "1"]
[SourceVersionDate "2021.10.06"]
[SourceQuality "1"]
[WhiteTeam "Rostock SSC 07"]
[BlackTeam "Stralsund FHSG"]
[WhiteTeamCountry "GER"]
[BlackTeamCountry "GER"]

1. e4 c5 2. a3 Nc6 3. b4 e5 4. b5 Nd4 5. c3 Ne6 6. Nf3 d5 7. Nxe5 dxe4 8. Qa4 Qd5 9. b6+ Ke7 10. Nc4 Bd7 11. Qa5 a6 12. Ne3 Qb3 13. a4 Ke8 14. Bc4 Nd8 15. Bxb3 Nc6 16. Nc4 Be6 17. Nba3 Nf6 18. Bc2 Rc8 19. 0-0 Nxa5 20. Nxa5 c4 21. Nxb7 Bd5 22. Na5 Nd7 23. Re1 f5 24. d4 cxd3 25. Bxd3 Nxb6 26. Bxa6 Rxc3 27. Bb2 Bb4 28. Bxc3 Bxc3 29. N3c4 1-0

[Event "Oberliga Nord O 1718"]
[Site "Germany"]
[Date "2017.10.23"]
[Round "2.4"]
[White "Glawe, Hartmut"]
[Black "Franzke, Alexander"]
[Result "0-1"]
[WhiteElo "2008"]
[BlackElo "2009"]
[PlyCount "88"]
[EventDate "2017.10.08"]
[EventType "team-tourn"]
[EventRounds "9"]
[EventCountry "GER"]
[SourceTitle "EXT 2019"]
[Source "ChessBase"]
[SourceDate "2018.10.10"]
[SourceVersion "1"]
[SourceVersionDate "2018.10.10"]
[SourceQuality "1"]
[WhiteTeam "Stralsund"]
[BlackTeam "Cottbus Lokomotive"]
[WhiteTeamCountry "GER"]
[BlackTeamCountry "GER"]

1. d4 c5 2. d5 d6 3. c4 e5 4. Nc3 Nf6 5. e4 Nbd7 6. Bd3 Be7 7. Nge2 h5 8. Bd2 h4 9. h3 Nh5 10. Qa4 a6 11. Nd1 Bg5 12. Ne3 Kf8 13. Qc2 g6 14. a4 Nf4 15. Nxf4 Bxf4 16. 0-0-0 Nf6 17. Be2 Bd7 18. Rdg1 b5 19. g3 Bg5 20. Nf1 Bxd2+ 21. Nxd2 bxa4 22. Qc3 Rb8 23. f4 Qe7 24. Rf1 hxg3 25. Qxg3 Nh5 26. Bxh5 Rxh5 27. Qc3 Rb4 28. Rf3 exf4 29. Rxf4 Qe5 30. Rhf1 Be8 31. Rf6 Ke7 32. Qxe5+ Rxe5 33. Kc2 Rh5 34. R6f3 Rh7 35. Rf6 Bd7 36. e5 dxe5 37. Rxa6 Bf5+ 38. Kc1 Rxh3 39. Re1 f6 40. Ra7+ Bd7 41. Ra5 g5 42. Rxc5 a3 43. b3 Bf5 44. Ra5 Rc3+ 0-1

[Event "Mecklenburg VP VL 1516"]
[Site "Mecklenburg VP"]
[Date "2016.04.10"]
[Round "8.3"]
[White "Glawe, Hartmut"]
[Black "Pruesse, Horst"]
[Result "1/2-1/2"]
[WhiteElo "1908"]
[BlackElo "1976"]
[PlyCount "97"]
[EventDate "2015.09.20"]
[EventType "team-tourn"]
[EventRounds "9"]
[EventCountry "GER"]
[SourceTitle "EXT 2022"]
[Source "ChessBase"]
[SourceDate "2021.10.06"]
[SourceVersion "1"]
[SourceVersionDate "2021.10.06"]
[SourceQuality "1"]
[WhiteTeam "Stralsund FHSG"]
[BlackTeam "Neubrandenburg SG Eintracht"]
[WhiteTeamCountry "GER"]
[BlackTeamCountry "GER"]

1. d4 Nf6 2. c4 e6 3. Nc3 Bb4 4. e3 0-0 5. Bd3 d5 6. cxd5 exd5 7. Nge2 Re8 8. 0-0 Bg4 9. f3 Bh5 10. Qb3 Bxc3 11. bxc3 b6 12. Nf4 Bg6 13. c4 c6 14. a4 Bxd3 15. Nxd3 Nbd7 16. cxd5 cxd5 17. Re1 Rc8 18. Bb2 Nb8 19. Ne5 Nc6 20. Rad1 Na5 21. Qa2 Re7 22. e4 Rc2 23. Qb1 Rec7 24. Bc1 Qe8 25. Qb5 Qxb5 26. axb5 dxe4 27. Bg5 exf3 28. Nxf3 Nc4 29. d5 Rd7 30. Nd4 Ra2 31. Nf5 h6 32. Nxh6+ Kh7 33. Bxf6 Kxh6 34. Be7 Rb2 35. d6 Rxb5 36. Rd4 Re5 37. Red1 Ne3 38. Rc1 Rc5 39. Rxc5 bxc5 40. Rd3 Nf5 41. Rc3 Nxe7 42. dxe7 Rxe7 43. Rxc5 a6 44. Kf2 Kg6 45. g4 f6 46. Ra5 Ra7 47. Kf3 Kf7 48. h4 g6 49. Kf4 1/2-1/2